000 00696nam a2200205Ia 4500
003 GCL
008 140319s9999 xx 000 0 ara d
040 _aGCL /
_cGCL
082 0 4 _a301.412
_bع م
100 1 _aعبدالحميد فايد
245 1 0 _aالمرأة واثرها فى الحياة العربية /
_cعبدالحميد فايد
260 _a[S.N] :
_bجامعة بيروت العربية ،
_c1977
300 _a121 ص
490 _aجامعة بيروت العربية
_v0
650 0 4 _aالاسلام والمجتمع
650 0 4 _aالمرأة
650 0 4 _aالمرأة فى الحياة العامة
650 0 4 _aالمرأة فى الاسلام
942 _2ddc
_cBK
999 _c36639
_d36639